Michelangelo. (Record no. 535027)
[ view plain ]
| 000 -LEADER | |
|---|---|
| fixed length control field | 00933cam a2200313 4500 |
| 001 - CONTROL NUMBER | |
| control field | 3685074 |
| 003 - CONTROL NUMBER IDENTIFIER | |
| control field | NUST |
| 005 - DATE AND TIME OF LATEST TRANSACTION | |
| control field | 20200827115231.0 |
| 008 - FIXED-LENGTH DATA ELEMENTS--GENERAL INFORMATION | |
| fixed length control field | 700506s1970 nyuac j b 001 0beng |
| 010 ## - LIBRARY OF CONGRESS CONTROL NUMBER | |
| LC control number | 78095640 |
| 020 ## - INTERNATIONAL STANDARD BOOK NUMBER | |
| International Standard Book Number | 0531009440 |
| 038 ## - RECORD CONTENT LICENSOR | |
| Staff Name | AZHAR |
| 040 ## - CATALOGING SOURCE | |
| Original cataloging agency | DLC |
| Transcribing agency | DLC |
| Modifying agency | DLC |
| 042 ## - AUTHENTICATION CODE | |
| Authentication code | lcac |
| 050 00 - LIBRARY OF CONGRESS CALL NUMBER | |
| Classification number | ND623.B9 |
| Item number | S7 |
| 082 00 - DEWEY DECIMAL CLASSIFICATION NUMBER | |
| Classification number | 730/.924 |
| -- | B |
| -- | 92 |
| 100 1# - MAIN ENTRY--PERSONAL NAME | |
| Personal name | Stearns, Monroe. |
| 9 (RLIN) | 29513 |
| 245 10 - TITLE STATEMENT | |
| Title | Michelangelo. |
| 260 ## - PUBLICATION, DISTRIBUTION, ETC. | |
| Place of publication, distribution, etc. | New York, |
| Name of publisher, distributor, etc. | F. Watts |
| Date of publication, distribution, etc. | [1970] |
| 300 ## - PHYSICAL DESCRIPTION | |
| Extent | x, 246 p. |
| Other physical details | illus., port. |
| Dimensions | 25 cm. |
| 350 ## - PRICE (NR) (BK AM CF MU VM SE) [OBSOLETE] | |
| Price | 5.95 |
| 490 0# - SERIES STATEMENT | |
| Series statement | Immortals of art |
| 504 ## - BIBLIOGRAPHY, ETC. NOTE | |
| Bibliography, etc. note | Bibliography: p. [237]-239. |
| 520 ## - SUMMARY, ETC. | |
| Summary, etc. | The life of the Renaissance sculptor, painter, architect, and poet. |
| 600 00 - SUBJECT ADDED ENTRY--PERSONAL NAME | |
| Personal name | Michelangelo Buonarroti, |
| Dates associated with a name | 1475-1564 |
| General subdivision | Juvenile literature. |
| 9 (RLIN) | 29514 |
| 600 01 - SUBJECT ADDED ENTRY--PERSONAL NAME | |
| Personal name | Michelangelo Buonarroti, |
| Dates associated with a name | 1475-1564. |
| 9 (RLIN) | 29515 |
| 906 ## - LOCAL DATA ELEMENT F, LDF (RLIN) | |
| a | 7 |
| b | cbc |
| c | orignew |
| d | u |
| e | ncip |
| f | 19 |
| g | y-gencatlg |
| 942 ## - ADDED ENTRY ELEMENTS (KOHA) | |
| Source of classification or shelving scheme | |
| Koha item type | Book |
| Withdrawn status | Lost status | Source of classification or shelving scheme | Damaged status | Not for loan | Permanent Location | Current Location | Shelving location | Date acquired | Source of acquisition | Total Checkouts | Total Renewals | Full call number | Barcode | Date last seen | Date last checked out | Price effective from | Koha item type |
|---|---|---|---|---|---|---|---|---|---|---|---|---|---|---|---|---|---|
| Central Library (CL) | Central Library (CL) | General Stacks | 08/27/2020 | Donation | 1 | 3 | 730/.924 STE | CL-D-996 | 02/15/2022 | 06/15/2021 | 08/27/2020 | Book |
